Chefs d'État de la République islamique de Mauritanie - Statistiques

Statistiques générales
  • Ce quiz a été pris 34 fois
  • Le résultat moyen est 7 sur 11
Statistiques - réponses
Hint Réponse % Correct
2008-2009 Mohamed Ould Abdel Aziz
100%
2009-2019 Mohamed Ould Abdel Aziz
100%
Depuis 2019 Mohamed Ould Ghazouani
94%
1961-1978 Moktar Ould Daddah
94%
1984-1992 Maaouiya Ould Sid'Ahmed Taya
71%
1992-1995 Maaouiya Ould Sid'Ahmed Taya
71%
2005-2007 Ely Ould Mohamed Vall
53%
1980-1984 Mohamed Khouna Ould Haidalla
53%
2007-2008 Sidi Mohamed Ould Cheikh Abdallahi
41%
1979-1980 Mohamed Mahmoud Ould Ahmed Louly
29%
1978-1979 Moustapha Ould Mohamed Saleck
29%
Aucun quiz correspondant
Distribution des résultats
% des personnes avec chaque résultat
Percentile par nombre de réponses
Votre historique - résultats
Vous n’avez pas pris ce quiz